LEADER 00836naa a2200169 i 4500 001 000000318199 003 CaOOAMICUS 005 20180831173243.0 008 180831n it u000 u ita u 013 $a27513 040 $aSeMil$bita 100 1 $aUbbiali, Sergio Battista,$c.$0(OLS)http://semarc/name/4688 245 10$aEucarestia e Chiesa :$battualitą e storia della riflessione teologica. 650 4$aEucaristia - Teologia cattolica.$0(OLS)http://semarc/subject/15702 650 4$aEucaristia e Chiesa.$0(OLS)http://semarc/subject/22427 773 0 $aAngelini, Giuseppe $tEucaristia, comunitą cristiana e cammino di fede.$dMilano : Cooperativa In Dialogo, 1982.$kSerie rossa$gp.5-38$w()107796 996 $6245$aEucarestia e Chiesa :$battualitą e storia della riflessione teologica$9(OLS)http://semarc/title/392093 LEADER 01143nam a2200253 i 4500 001 000000044814 003 CaOOAMICUS 005 20091028000000.0 008 091028s1978 it u000 u ita u 013 $a15984 040 $aSeMil$bita 100 1 $aGogarten, Friedrich,$d<1887-1967>.$0(OLS)http://semarc/name/21215 240 14$aDie Verkündigung Jesu Christi.$0(OLS)http://semarc/title/66450 245 12$aL'annuncio di Gesł Cristo :$bi fondamenti e il compito /$cFriedrich Gogarten. 260 $aBrescia :$bQueriniana,$c1978. 300 $a519 p. ;$c23 cm. 490 0 $aBiblioteca di teologia contemporanea ;$v33 650 4$aGesł Cristo - Predicazione.$0(OLS)http://semarc/subject/2280 650 4$aTeologia kerigmatica.$0(OLS)http://semarc/subject/9378 830 0$aBiblioteca di teologia contemporanea ;$v33.$0(OLS)http://semarc/title/14 850 $aSeMil 852 $aSeMil$W1$xVenegono$y1$m2BA M 33$j10969$B10969$CSeMilBibl$Z2$F10969 $81 996 $6245$aL'annuncio di Gesł Cristo :$bi fondamenti e il compito$9(OLS)http://semarc/title/66449 996 $6260$aBrescia :$bQueriniana$9(OLS)http://semarc/publisher/29615